Países limítrofes cuyas capitales están más separadas - Estadísticas

Estadísticas generales
  • Esta prueba ha sido intentada 57 veces
  • La puntuación promedio es 22 de 27
Estadísticas de respuestas
Country % Correcto
Brasil
100%
China
100%
Rusia
100%
Estados Unidos
96%
India
96%
México
96%
Mongolia
96%
Colombia
93%
Francia
91%
Kazajistán
91%
Venezuela
91%
Corea del Norte
89%
Perú
89%
Nepal
87%
Pakistán
87%
Surinam
87%
Kirguistán
84%
Tayikistán
84%
Afganistán
82%
Bután
80%
Laos
76%
Myanmar
71%
Indonesia
60%
Argelia
53%
Papua Nueva Guinea
51%
Malí
44%
Mauritania
44%
No se encontraron pruebas coincidentes
Distribución de puntuación
Porcentaje de gente con cada puntuación
Porcentaje por número respondido
Historial de tus puntuaciones
No has intentado esta prueba.